| 000 | 00740cam a2200217ua 4500 | ||
|---|---|---|---|
| 001 | 000015620 | ||
| 005 | 20200929164109.0 | ||
| 008 | 840121s1972 sp 000 0 spa d | ||
| 040 |
_aDO-SdBNP _bspa _cDLC _dBNPHU |
||
| 082 |
_a362.2 _bH565p |
||
| 100 | 1 |
_aHerrera Luque, Francisco J. _935205 |
|
| 245 | 1 | 4 |
_aLas personalidades psicopáticas. / _cFrancisco J. Herrera Luque ; prólogo, Ibor López. |
| 250 | _a3a. ed. | ||
| 260 |
_aBarcelona, (España) : _bEditorial Científico-Médica, _c1972. |
||
| 300 |
_axix, 127 p. ; _c20 cm. |
||
| 650 | 4 |
_aTrastornos de la personalidad _935206 |
|
| 650 | 4 |
_aFrustración _9916 |
|
| 650 | 4 |
_aTrastornos mentales _918252 |
|
| 700 | 1 |
_aLópez, Ibor, _epról. _935207 |
|
| 910 | _aCatalogación derivada | ||
| 999 |
_c15175 _d15175 |
||